EA FC25 TOTS Bundesliga - Statistics

General Stats
  • This quiz has been taken 62 times
  • The average score is 23 of 32
Answer Stats
Rate Club Nation Answer % Correct
97 Bayern England Harry Kane
100%
96 Leverkusen Germany Florian Wirtz
98%
95 Leverkusen Netherlands Jeremie Frimpong
98%
96 Bayern Canada Alphonso Davies
96%
96 Bayern France Michael Olise
96%
95 Leverkusen Spain Alejandro Grimaldo
94%
95 Bayern France Dayot Upamecano
94%
94 Bayern South Korea Kim Min Jae
94%
95 Leipzig Netherlands Xavi Simons
92%
96 Bayern Germany Jamal Musiala
90%
97 Leverkusen Germany Jonathan Tah
90%
95 Leverkusen Czech Rep Patrik Schick
90%
94 Dortmund Guinea Serhou Guirassy
88%
94 Leverkusen Switzerland Granit Xhaka
86%
95 Bayern Germany Joshua Kimmich
84%
94 Frankfurt France Hugo Ekitike
80%
94 Dortmund Germany Nico Schlotterbeck
73%
94 Leverkusen Ecuador Piero Hincapie
73%
93 Leipzig Hungary Willi Orban
73%
94 Leipzig Belgium Lois Openda
71%
92 Leipzig Slovenia Benjamin Sesko
67%
94 Leipzig Hungary Peter Gulacsi
65%
93 Dortmund England Jamie Gittens
63%
92 Freiburg Japan Ritsu Doan
59%
93 Mainz Germany Nadiem Amiri
57%
91 Wolfsburg Algeria Mohamed Amoura
49%
92 Gladbach Germany Tim Kleindienst
47%
94 Mainz Germany Robin Zentner
43%
92 Wolfsburg Sweden Mattias Svanberg
35%
92 Frankfurt Denmark Rasmus Kristensen
33%
90 Mainz Japan Kaishu Sano
20%
90 Hoffenheim Germany Tom Bischoff
14%
No matching quizzes found
Score Distribution
Percent of People with Each Score
Percentile by Number Answered
Your Score History
You have not taken this quiz